| 000 | 00652nam a2200205Ia 4500 | ||
|---|---|---|---|
| 003 | GCL | ||
| 008 | 140319s9999 xx 000 0 ara d | ||
| 020 | _a9772352974 | ||
| 040 |
_aGCL / _cGCL |
||
| 082 | 0 | 4 |
_aق _b932 _bم ا |
| 245 | 1 | 0 | _aاثار سيناء العائدة من اسرائيل |
| 260 |
_aالقاهرة : _bالمجلس الاعلى للاثار ، _c1995 |
||
| 300 |
_a ؛ _c16 سم |
||
| 650 | 0 | 4 | _aمصر القديمة |
| 650 | 0 | 4 | _aالاثار الفرعونية |
| 650 | 0 | 4 | _aالمصريون القدماء |
| 650 | 0 | 4 | _aمصر - الاثار الفرعونية |
| 650 | 0 | 4 | _aسيناء - الاثار |
| 942 |
_2ddc _cBK |
||
| 999 |
_c53821 _d53821 |
||